| 000 | 00369nam a2200145Ia 4500 | ||
|---|---|---|---|
| 008 | 210210b1987 xxu||||| |||| 00| 0 eng d | ||
| 082 | _a530.02 TAGP | ||
| 100 | _aTAGGARSE (A P) & others. | ||
| 245 | _aProblems in physics. | ||
| 260 |
_aBombay _bH P House _c1987 |
||
| 300 | _a265 | ||
| 650 | _aPhysics problems II PUC | ||
| 690 | _aPhysics Problems | ||
| 906 | _a043676 | ||
| 999 |
_c93255 _d93255 |
||